LDR 00735naa#a2200193#i#450# 001 EN\\bibl\120695 005 20260417233842.5 011 ## _a2073-5537 100 ## _a20260416b2026####ek#y0engy0150####ca 102 ## _aRU 200 1# _aThe Astrakhan Region regional logistics system in the context of the commodity flows reorientation _eJournal article 210 1# _aAstrakhan _cAstrakhan State Technical University _d2026 215 ## _a9 с. 608 ## _aJournal article _2local 675 ## _aРегиональная экономика. Территориальная экономика. 332.1 _z 700 #1 _aGrokhovskaya _gVictoria Alexandrovna 700 #1 _aShendo _gMaria Vladimirovna 700 #1 _aLipatova _gOlga Nikolaevna 856 4# _avestnik.astu.org _u